Artist and title by lyrics /Pop Songs - Statistics

General Stats
  • This quiz has been taken 160 times
  • The average score is 9 of 16
Answer Stats
Lyrics Artist/Name Answer % Correct
| Miley Cyrus - Party In The U.S.A. Name Party In The U.S.A.
80%
| Taylor Swift - 22 Name 22
79%
Jumped in the cab, Here I am for the first time Look to my right and I see the Hollywood sign / So I put my hands up They're playing my song, And the butterflies fly away Noddin' my head like, yeah Movin' my hips like, yeah Artist Miley Cyrus
78%
I don't know about you But I'm feeling twenty-two Everything will be alright, if You keep me next to you You don't know about me But I bet you want to Artist Taylor Swift
77%
Come on, come on, turn the radio on It's Saturday and I won't be long Gotta paint my nails, put my high heels on / Baby I don't need dollar bills to have fun tonight But I don't need no money As long as I can feel the beat Artist Sia ft. Sean Paul
74%
| The Black Eyed Peas - Boom Boom Pow Name Boom Boom Pow
70%
| Sia - Cheap Thrills ft. Sean Paul Name Cheap Thrills
70%
People always told me be careful of what you do And don't go around breaking young girls' hearts And mother always told me be careful of who you love / She's just a girl who claims that I am the one But the kid is not my son She says I am the one, but the kid is not my son Artist Michael Jackson
68%
| Michael Jackson - Billie Jean Name Billie Jean
65%
I like that boom boom pow Them chickens jackin' my style They try to copy my swagger I'm on that next shit now I'm so 3008 You so 2000 and late I got that boom boom boom That future boom boom boom Let me get it now Artist The Black Eyed Peas
65%
Don't pretend I think you know I'm damn precious And, hell yeah I'm the motherfuckin' princess / She's like so, whatever You could do so much better I think we should get together now (And that's what everyone's talkin' about) Artist Avril Lavigne
43%
| Avril Lavigne - Girlfriend Name Girlfriend
41%
| M.I.A. - Paper Planes Name Paper Planes
38%
I fly like paper, get high like planes If you catch me at the border I got visas in my name / Everyone's a winner now we're making that fame Bonafide hustler making my name All I wanna do is And And take your money Artist M.I.A.
32%
Maybe I need some rehab Or maybe just need some sleep I've got a sick obsession I'm seeing it in my dreams / What you've got, boy, is hard to find I think about it all the time I'm all strung out, my heart is fried I just can't get you off my mind Artist Ke$ha
25%
| Ke$ha - Your Love Is My Drug Name Your Love Is My Drug
20%
No matching quizzes found
Score Distribution
Percent of People with Each Score
Percentile by Number Answered
Your Score History
You have not taken this quiz